000 00857 a2200241 4500
010 _aENG-88557
020 _a019569158X
_c575.00
035 _aEN-72090
037 _bDBAD / PUB
082 1 4 _a305.550954
090 _c8896
_d8896
100 1 _aFernandes, Leela
245 1 _aIndia's new middle class :
_bdemocratic politics in an era of economic reform /
_cby Leela Fernandes
260 _aNew Delhi
_bOxford University Press
_c2007
300 _axxxix, 289 p. :
_bill. ;
_c23 cm ( Hb.)
500 _aIncludes index
650 0 _aMiddle class
_zIndia.
650 0 _aDemocratization
_zIndia.
651 0 _aIndia
_xEconomic conditions
_y21st century.
651 0 _aIndia
_xSocial conditions
_y21st century.
942 _adpl
_cEN
_k305.550954 / FER
999 _c8735
_d8735